00737nam a2200241 a 4500001001300000003000900013005001700022008004100039020002300080082001500103100002200118245004200140260004400182300000900226500003500235505001700270650002200287700002200309902000800331942000700339952013200346999001700478nice12345678IN_TiNIC20260116014712.0120109s2011 lona grp 000 0 eng  a9780198069126c69500a291.4bSCH aSchelling, Andrew aOxford Anthology of Bhakti Literature aLondan bOxford University Press c2011 a273p aincludes index and biblioraphy2 aBibliography aBhakti-Literature1 aSchelling, Andrew bSRS cBK 001040708StackRoom-aHMIbHMId2012-01-09g695.00l18m4o291.4 SCHp023795r2025-07-17s2025-07-14v695.00w2012-01-09yBK c16535d16535